MARC details
| 000 -LEADER |
| fixed length control field |
02585cam a2200361 a 4500 |
| 001 - CONTROL NUMBER |
| control field |
7241442 |
| 003 - CONTROL NUMBER IDENTIFIER |
| control field |
ARRUPE |
| 005 - DATE AND TIME OF LATEST TRANSACTION |
| control field |
20140924174519.0 |
| 008 - FIXED-LENGTH DATA ELEMENTS--GENERAL INFORMATION |
| fixed length control field |
081112s2009 miu b 001 0 eng |
| 010 ## - LIBRARY OF CONGRESS CONTROL NUMBER |
| LC control number |
2008049506 |
| 020 ## - INTERNATIONAL STANDARD BOOK NUMBER |
| International Standard Book Number |
9780801035999 (pbk.) |
| 020 ## - INTERNATIONAL STANDARD BOOK NUMBER |
| International Standard Book Number |
0801035996 (pbk.) |
| 024 ## - OTHER STANDARD IDENTIFIER |
| Standard number or code |
99934249198 |
| 035 ## - SYSTEM CONTROL NUMBER |
| System control number |
(OCoLC)ocn244560688 |
| 035 ## - SYSTEM CONTROL NUMBER |
| System control number |
(OCoLC)244560688 |
| 035 ## - SYSTEM CONTROL NUMBER |
| System control number |
(NNC)7241442 |
| 040 ## - CATALOGING SOURCE |
| Original cataloging agency |
DLC |
| Transcribing agency |
DLC |
| Modifying agency |
YDXCP |
| -- |
UKM |
| -- |
CDC |
| -- |
C#P |
| -- |
BWX |
| -- |
CDX |
| -- |
BTCTA |
| -- |
OrLoB-B |
| 050 00 - LIBRARY OF CONGRESS CALL NUMBER |
| Classification number |
BT771.3 |
| Item number |
.P48 2009 |
| 082 00 - DEWEY DECIMAL CLASSIFICATION NUMBER |
| Classification number |
231/.042 |
| Edition number |
22 |
| 300 ## - PHYSICAL DESCRIPTION |
| Dimensions |
23 cm. |
| 100 1# - MAIN ENTRY--PERSONAL NAME |
| Personal name |
Peters, James R., |
| Dates associated with a name |
1957- |
| 9 (RLIN) |
11650 |
| 245 14 - TITLE STATEMENT |
| Title |
The logic of the heart : |
| Remainder of title |
Augustine, Pascal, and the rationality of faith / |
| Statement of responsibility, etc |
James R. Peters. |
| 260 ## - PUBLICATION, DISTRIBUTION, ETC. (IMPRINT) |
| Place of publication, distribution, etc |
Grand Rapids, Mich. : |
| Name of publisher, distributor, etc |
Baker Academic, |
| Date of publication, distribution, etc |
c2009. |
| 300 ## - PHYSICAL DESCRIPTION |
| Extent |
300 p. ; |
| 504 ## - BIBLIOGRAPHY, ETC. NOTE |
| Bibliography, etc |
Includes bibliographical references (p. 287-294) and index. |
| 505 00 - FORMATTED CONTENTS NOTE |
| Miscellaneous information |
Introduction. |
| Title |
Augustine, Pascal, and Hume on the "Embeddedness" of Reason -- |
| Miscellaneous information |
1. |
| Title |
Augustine, Pascal, and Hume for the Postmodern World? -- |
| -- |
Skeptics of Modernity: Embedded Rationality versus Rational Autonomy -- |
| -- |
Embedded Reason in Augustine, Pascal, and Plantinga -- |
| -- |
Augustine, Pascal, and Hume as Socratic Apologists; Human Wisdom as Passionate Self-Knowledge -- |
| -- |
Hume, Pascal, and the Humility of Reason -- |
| Miscellaneous information |
2. |
| Title |
Hume's Skepticism and the Wisdom of the Heart -- |
| -- |
Hume's Epistemological Refutation of Theism -- |
| -- |
Three Answers from the Enquiry -- |
| -- |
Hume's Attack on and Misunderstanding of Miracles -- |
| -- |
Hume's Psychological Refutation of Theism -- |
| -- |
Hume versus Augustine (and Pascal); Opposing Rationalities in Conflict -- |
| Miscellaneous information |
3. |
| Title |
Pascal, Paradox, and the Wisdom of the Heart -- |
| -- |
Pascal and the Rationality of Faith -- |
| -- |
Pascal's Dialectical Defense of Faith -- |
| -- |
Pascal's Teleological Apologetics -- |
| -- |
Pascal: Faith Is Rational but Beyond Reason -- |
| -- |
Pascal's Wager: Unmasking Skeptical Neutrality -- |
| -- |
Pascal versus Fideism: Faith Is Not Contrary to Reason -- |
| -- |
Pascal and Hume, Pascal and Aristotle: Conclusions -- |
| Miscellaneous information |
4. |
| Title |
A Dialectical Defense of Pascal's Paradox Argument: Pascal versus Radical Postmodernism -- |
| -- |
The Radical Postmodern Challenge to Pascal's Paradox Argument -- |
| -- |
Radical Postmodernism's Fourfold Hermeneutics of Unmasking -- |
| -- |
Postmodernism as "Hypermodernism" |
| 600 00 - SUBJECT ADDED ENTRY--PERSONAL NAME |
| Personal name |
Augustine, |
| Titles and other words associated with a name |
Saint, Bishop of Hippo. |
| 9 (RLIN) |
11651 |
| 600 10 - SUBJECT ADDED ENTRY--PERSONAL NAME |
| Personal name |
Pascal, Blaise, |
| Dates associated with a name |
1623-1662. |
| 9 (RLIN) |
11652 |
| 600 10 - SUBJECT ADDED ENTRY--PERSONAL NAME |
| Personal name |
Hume, David, |
| Dates associated with a name |
1711-1776. |
| 9 (RLIN) |
11653 |
| 650 #0 - SUBJECT ADDED ENTRY--TOPICAL TERM |
| Topical term or geographic name as entry element |
Faith |
| General subdivision |
History of doctrines. |
| 9 (RLIN) |
11654 |
| 900 ## - EQUIVALENCE OR CROSS-REFERENCE-PERSONAL NAME [LOCAL, CANADA] |
| Numeration |
TOC |
| 942 ## - ADDED ENTRY ELEMENTS (KOHA) |
| Source of classification or shelving scheme |
Library of Congress Classification |
| Koha item type |
Monograph ( Printed materials) |
| 948 1# - LOCAL PROCESSING INFORMATION (OCLC); SERIES PART DESIGNATOR (RLIN) |
| Series part designator, SPT (RLIN) |
20090803 |
| b (OCLC) |
c |
| c (OCLC) |
jv5 |
| d (OCLC) |
MPS |